Mastering Windows server 2003 Upgrade Edition for SP1 and R2
The In-depth Coverage You've Been Waiting for on SP1 and R2 Picking up where Mastering Windows Server 2003 left off, bestselling author and leadingWindows Server expert Mark Minasi returns with a much-anticipated Upgrade Edition that delivers exactly the information you need to understand SP1 a...
Wedi'i Gadw mewn:
| Prif Awdur: | |
|---|---|
| Fformat: | Llyfr |
| Iaith: | Undetermined |
| Cyhoeddwyd: |
Indianapolis, Indiana
Wiley
2006
|
| Pynciau: | |
| Tagiau: |
Ychwanegu Tag
Dim Tagiau, Byddwch y cyntaf i dagio'r cofnod hwn!
|
| Thư viện lưu trữ: | Trung tâm Học liệu Trường Đại học Cần Thơ |
|---|
| LEADER | 00951nam a2200205Ia 4500 | ||
|---|---|---|---|
| 001 | CTU_165946 | ||
| 008 | 210402s9999 xx 000 0 und d | ||
| 020 | |c 39.99 | ||
| 082 | |a 005.4476 | ||
| 082 | |b M663 | ||
| 100 | |a Minasi, Mark | ||
| 245 | 0 | |a Mastering Windows server 2003 Upgrade Edition for SP1 and R2 | |
| 245 | 0 | |c Mark Minasi, Rhonda Layfield, Lisa Justice | |
| 260 | |a Indianapolis, Indiana | ||
| 260 | |b Wiley | ||
| 260 | |c 2006 | ||
| 520 | |a The In-depth Coverage You've Been Waiting for on SP1 and R2 Picking up where Mastering Windows Server 2003 left off, bestselling author and leadingWindows Server expert Mark Minasi returns with a much-anticipated Upgrade Edition that delivers exactly the information you need to understand SP1 and R2. | ||
| 650 | |a Microsoft Windows server,Computer networks,Microsoft Windows server,Mạng máy tính | ||
| 904 | |i Bạch Trúc | ||
| 980 | |a Trung tâm Học liệu Trường Đại học Cần Thơ | ||